000 00610nam a22002417a 4500
003 DO-SdBNP
005 20171201090033.0
008 161031b 2003 sp 00| 0 spa d
020 _a8467127481
040 _aBPMSU
_bspa
_cBPMSU
092 _axxxx
_bxxxx
100 1 _aWebb, Peggy
240 1 4 _aThe accidental princess /
245 1 0 _aReina de la belleza /
_cPeggy Webb .
260 _aMadrid :
_bHarlequin ibérica,
_c2003.
300 _a188 p. :
_c18 cm.
490 1 _aJulia
830 0 _aJulia
910 _a000144
942 _2ddc
_cBK
945 _aInventariado 2017
956 _aYLOCKWARD
_b10
999 _c12937
_d12937